Statistics for Elephant Countries

Click here to take the quiz!

General Stats

  • This quiz has been taken 214 times
  • The average score is 41 of 51

Answer Stats

Country % Correct
India
98%
China
94%
Thailand
92%
South Africa
92%
Kenya
91%
Indonesia
91%
Laos
88%
Zimbabwe
87%
Malaysia
87%
Republic of the Congo
87%
Vietnam
87%
Democratic Republic of the Congo
86%
Tanzania
86%
Cambodia
86%
Chad
85%
Myanmar
85%
Niger
85%
Bhutan
85%
Nepal
85%
Bangladesh
84%
Nigeria
83%
Ethiopia
83%
Ghana
83%
Botswana
82%
Sudan
82%
Angola
82%
Mozambique
82%
Mali
82%
Rwanda
82%
Uganda
82%
Zambia
82%
Namibia
81%
Sri Lanka
80%
South Sudan
80%
Somalia
77%
Swaziland
77%
Guinea
76%
Togo
76%
Benin
76%
Gabon
75%
Senegal
75%
Malawi
73%
Cameroon
73%
Sierra Leone
72%
Liberia
72%
Guinea-Bissau
72%
Cote d'Ivoire
71%
Eritrea
70%
Burkina Faso
69%
Central African Republic
65%
Equatorial Guinea
63%

Score Distribution

Percentile by Number Answered

Percent of People with Each Score

Your Score History

You have not taken this quiz